00863nam a22002417a 450000500170000000800410001702000180005802000150007604000130009108200210010410000250012524500530015026000690020330000400027250000270031250000240033965000290036365300250039265500240041794200210044199900170046295201420047920141111124552.0141111t2010 xxua frd 001 0 eng d a9780538742771 a0538742771 aEG-ScBUE00222a332.024bRYA1 aRyan, Joan S.93648910aManaging your personal finances /cJoan S. Ryan. aMason, United States :bSouth-Western CENGAGE Learning,cc.2010. axv, 738 p. :bill. (col.) ;c27 cm. aGlossary : p. 714-722. aIndex : p. 723-738. 0922964aFinance, Personal bBUSADMcNovember2014 vreading book934232 2ddck332.024 RYA c18597d18569 00102ddc40708BaccahaMAINbMAINc1STd2014-11-11epurchaseg437.00h20677l0o332.024 RYAp000036977r2025-07-15 00:00:00v546.25yBB